000 00396nam a2200157Ia 4500
008 210716s2011 xx 000 0 und d
020 _a9788122418668
041 _aeng
082 _a621.395 SHAA
100 _aShanthi, A; Kavitha, A.
245 _aVlsi design.
250 _a1
260 _aNew Delhi
_bNew Age International Pvt Ltd
_c2011
300 _axiii,360
650 _aDigital Systems
999 _c194346
_d194346